[Event "Wch U14"]
[Site "Mamaia"]
[Date "2022.09.09"]
[Round "4"]
[White "Deuer, Marius"]
[Black "Ciomaga, Andrei"]
[Result "1-0"]
[WhiteElo "2344"]
[BlackElo "1986"]
[PlyCount "45"]
[EventDate "2022.09.06"]
[EventType "swiss"]
[EventRounds "11"]
[EventCountry "ROU"]
[SourceTitle "CBM 210 Extra"]
[Source "ChessBase"]
[SourceDate "2022.11.30"]
[SourceVersion "1"]
[SourceVersionDate "2022.11.30"]
[SourceQuality "1"]

1. d4 Nf6 2. c4 g6 3. g3 Bg7 4. Bg2 d6 5. Nf3 0-0 6. Nc3 c5 7. d5 e6 8. 0-0 exd5 9. cxd5 a6 10. a4 Nbd7 11. Bf4 Qc7 12. h3 Rb8 13. Rc1 b5 14. axb5 axb5 15. b4 Re8 16. bxc5 Nxc5 17. Nd4 Ba6 18. Bf3 b4 19. Na4 Nfd7 20. Nb3 Be5 21. Be3 Bxg3 22. Bxc5 Nxc5 23. fxg3 1-0

[Event "Wch U14"]
[Site "Mamaia"]
[Date "2022.09.07"]
[Round "2"]
[White "Vetokhin, Savva"]
[Black "Ciomaga, Andrei"]
[Result "1-0"]
[WhiteElo "2357"]
[BlackElo "1986"]
[PlyCount "79"]
[EventDate "2022.09.06"]
[EventType "swiss"]
[EventRounds "11"]
[EventCountry "ROU"]
[SourceTitle "CBM 210 Extra"]
[Source "ChessBase"]
[SourceDate "2022.11.30"]
[SourceVersion "1"]
[SourceVersionDate "2022.11.30"]
[SourceQuality "1"]

1. Nf3 Nf6 2. g3 g6 3. Bg2 Bg7 4. d4 d6 5. 0-0 0-0 6. Re1 Nbd7 7. e4 e5 8. Nc3 exd4 9. Nxd4 Nc5 10. h3 Re8 11. a4 a5 12. Bf4 h6 13. g4 Ne6 14. Nxe6 Bxe6 15. Qd2 g5 16. Be3 Nd7 17. Rad1 Ne5 18. b3 Qf6 19. Ne2 Nf3+ 20. Bxf3 Qxf3 21. Ng3 Be5 22. Qe2 Qxe2 23. Nxe2 Bd7 24. c4 Bc6 25. f3 b6 26. Bd4 f6 27. Kf2 Rad8 28. Nc3 Kg7 29. Nd5 Bxd5 30. cxd5 Rc8 31. Bxe5 fxe5 32. Rc1 Kf6 33. Rc3 Rh8 34. Rec1 Rh7 35. Rc6 Rd7 36. Rxb6 Ke7 37. Ra6 Rb8 38. Rc3 Rb7 39. Rxa5 Rd8 40. Rb5 1-0

[Event "ROM-ch U10"]
[Site "Calimanesti Caciulata"]
[Date "2019.04.22"]
[Round "9"]
[White "Ciomaga, Andrei"]
[Black "Coicev, Matei Andrei"]
[Result "0-1"]
[WhiteElo "1225"]
[BlackElo "1477"]
[PlyCount "118"]
[EventDate "2019.04.15"]
[EventType "swiss"]
[EventRounds "9"]
[EventCountry "ROU"]
[SourceTitle "CBM 190 Extra"]
[Source "ChessBase"]
[SourceDate "2019.07.15"]
[SourceVersion "1"]
[SourceVersionDate "2019.07.15"]
[SourceQuality "1"]

1. d4 d5 2. c4 e6 3. Nc3 c5 4. dxc5 d4 5. Ne4 Bxc5 6. Nxc5 Qa5+ 7. Bd2 Qxc5 8. e3 dxe3 9. Bxe3 Qb4+ 10. Qd2 Nc6 11. Nf3 Nf6 12. a3 Qxd2+ 13. Nxd2 e5 14. f3 Bf5 15. Be2 a5 16. Nb3 Nd7 17. Nc5 Nxc5 18. Bxc5 e4 19. 0-0 exf3 20. Rxf3 Be6 21. Re3 Rc8 22. b3 Nd8 23. Bb6 Ra8 24. Bg4 Kd7 25. Bxe6+ Nxe6 26. Re5 a4 27. b4 Rac8 28. Rd1+ Kc6 29. c5 Kb5 30. Rd7 Rb8 31. Rxf7 Nd4 32. Re4 Nc2 33. Rf3 Rhf8 34. Rc3 Na1 35. Bc7 Rbc8 36. Re6 Rf6 37. Rb6+ Rxb6 38. cxb6 Nb3 39. Kf2 Re8 40. Rc2 Re4 41. Ra2 Rc4 42. Re2 Nd4 43. Re5+ Kc6 44. Re4 Rc2+ 45. Kf1 Nb5 46. Re7 Nxa3 47. Rxg7 Nc4 48. Rxh7 a3 49. b5+ Kxb5 50. Rh8 a2 51. Ra8 Rc1+ 52. Kf2 a1Q 53. Rxa1 Rxa1 54. g4 Kc6 55. h4 Kd7 56. Kf3 Ke6 57. Kf4 Kf6 58. g5+ Kg6 59. Ke4 Rb1 0-1

[Event "ROM-ch U10"]
[Site "Calimanesti Caciulata"]
[Date "2019.04.18"]
[Round "5"]
[White "Ocoleanu, Rares Daniel"]
[Black "Ciomaga, Andrei"]
[Result "0-1"]
[WhiteElo "1031"]
[BlackElo "1225"]
[PlyCount "84"]
[EventDate "2019.04.15"]
[EventType "swiss"]
[EventRounds "9"]
[EventCountry "ROU"]
[SourceTitle "CBM 190 Extra"]
[Source "ChessBase"]
[SourceDate "2019.07.15"]
[SourceVersion "1"]
[SourceVersionDate "2019.07.15"]
[SourceQuality "1"]

1. e4 c5 2. Nf3 e6 3. d4 cxd4 4. Nxd4 a6 5. Nc3 Qc7 6. Be3 Nf6 7. Bd3 b5 8. a3 Bb7 9. f3 Be7 10. Qd2 d6 11. g4 h6 12. h4 d5 13. exd5 Nxd5 14. Ne4 Nd7 15. c3 Nc5 16. Nxc5 Bxc5 17. Nc2 Nxe3 18. Nxe3 Qg3+ 19. Qf2 Qxf3 20. Qxf3 Bxf3 21. Rh3 Bc6 22. 0-0-0 Ke7 23. c4 Rhd8 24. Kc2 Bxe3 25. Rxe3 bxc4 26. Bxc4 Rxd1 27. Kxd1 Rd8+ 28. Ke2 Bb5 29. Bxb5 axb5 30. a4 bxa4 31. Ra3 Rb8 32. Rxa4 Rxb2+ 33. Kf3 Rb7 34. Ke4 Rd7 35. h5 Rd5 36. Ra7+ Kf6 37. Kf4 Re5 38. Kf3 g6 39. Ra4 gxh5 40. gxh5 Rxh5 41. Rd4 Rd5 42. Rxd5 exd5 0-1

[Event "ROM-ch U10"]
[Site "Calimanesti"]
[Date "2018.03.31"]
[Round "6"]
[White "Santimbrean, Mihnea Nicolae"]
[Black "Ciomaga, Andrei"]
[Result "1/2-1/2"]
[WhiteElo "1177"]
[BlackElo "1096"]
[PlyCount "70"]
[EventDate "2018.03.27"]
[EventType "swiss"]
[EventRounds "9"]
[EventCountry "ROU"]
[SourceTitle "CBM 183 Extra"]
[Source "ChessBase"]
[SourceDate "2018.04.19"]
[SourceVersion "1"]
[SourceVersionDate "2018.04.19"]
[SourceQuality "1"]

1. e4 c5 2. f4 d6 3. Nf3 Nc6 4. Bb5 e6 5. Bxc6+ bxc6 6. Nc3 Nf6 7. d3 Be7 8. 0-0 0-0 9. h3 Ne8 10. Qe1 f5 11. e5 d5 12. Ne2 Nc7 13. Be3 d4 14. Bf2 Nd5 15. Qd2 Rb8 16. Rab1 Ba6 17. a3 Qc7 18. Ng3 Qd7 19. Rfe1 Rfc8 20. Qa5 Qb7 21. Qd2 Qd7 22. Ne2 Rf8 23. Ng3 Qc7 24. Ne2 Rfd8 25. Ng3 Rf8 26. Ne2 Qd7 27. Ng3 Rb6 28. Qc1 Rfb8 29. b3 Nc3 30. Ra1 Bf8 31. Ne2 Nd5 32. Kh1 Be7 33. Kg1 Bf8 34. Kh1 Be7 35. Kg1 Rf8 1/2-1/2